Cálculo diferencial e integral

Guardat en:
Dades bibliogràfiques
Autor principal: Granville, William Anthony (Autor)
Format: Llibre
Idioma:espanyol
Publicat: Ciudad de México UTEHA 1963
Edició:1a. ed
Matèries:
Etiquetes: Afegir etiqueta
Sense etiquetes, Sigues el primer a etiquetar aquest registre!

MARC

LEADER 00000cam a2200000 a 4500
001 UCW1737
003 CL-VaPUC
008 930414e19630000MX |||||||||||||||||spa|d
082 0 4 |a 515.33  |b GRA  |2 21 
100 |a Granville, William Anthony  |e author  |9 483222 
245 1 0 |a Cálculo diferencial e integral 
250 |a 1a. ed 
300 |a 686 p 
942 |c BK 
945 |d 19930414 00:00:00 
260 |a Ciudad de México  |b UTEHA  |c 1963 
650 0 |a Cálculo diferencial   |9 260102 
650 0 |a Cálculo integral  |9 260103 
583 |a last modification  |c 20170816 12:06:29  |k Rodrigo Vera 
999 |c 216579  |d 216577 
952 |0 0  |1 0  |4 0  |6 515_330000000000000_GRA_1963  |7 0  |8 A  |9 202398  |a BIBMAT  |b BIBMAT  |d 2019-11-14  |i 2695030  |o 515.33 GRA 1963  |p 2695030  |r 2025-01-07  |w 2019-11-14  |y BK  |k MAT 
952 |0 0  |1 0  |4 0  |6 515_330000000000000_GRA_1963  |7 0  |8 A  |9 202399  |a BIBCUR  |b BIBCUR  |d 2019-11-14  |i 1760971  |o 515.33 GRA 1963  |p 1760971  |r 2025-04-22  |w 2019-11-14  |y BK  |k BCB 
952 |0 0  |1 0  |4 0  |6 515_330000000000000_GRA_1963  |7 0  |8 A  |9 202401  |a BIBMAT  |b BIBMAT  |d 2019-11-14  |i 2559803  |o 515.33 GRA 1963  |p 2559803  |r 2025-01-07  |w 2019-11-14  |y BK  |k MAT 
952 |0 0  |1 0  |4 0  |6 515_330000000000000_GRA_1963  |7 0  |8 A  |9 202402  |a BIBMAT  |b BIBMAT  |d 2019-11-14  |i 255982K  |o 515.33 GRA 1963  |p 255982K  |r 2025-01-07  |w 2019-11-14  |y BK  |k MAT 
952 |0 0  |1 0  |4 0  |6 515_330000000000000_GRA_1963  |7 0  |8 P  |9 202403  |a BIBARQ  |b BIBARQ  |d 2019-11-14  |i 2559846  |o 515.33 GRA 1963  |p 2559846  |r 2025-01-20  |w 2019-11-14  |y BK  |k ARQ 
952 |0 0  |1 0  |3 erd  |4 0  |6 515_330000000000000_GRA_1963  |7 0  |8 A  |9 202404  |a BIBING  |b BIBING  |i 5415454  |l 3  |m 2  |o 515.33 GRA 1963  |p 5415454  |r 2025-01-20  |s 2024-06-05  |w 2019-11-14  |y BK  |z Catalogado en:20170818  |k ING